| 000 | 00493nam a2200169 i 4500 | ||
|---|---|---|---|
| 001 | 37088 | ||
| 003 | ES-MaACL | ||
| 005 | 20230906155512.0 | ||
| 007 | t| | ||
| 008 | 030220s1973 sp ||||1| spa d | ||
| 100 | 1 |
_aBrunner, Emil. _932189 |
|
| 245 | 1 | 3 |
_aLa esperanza del hombre / _cEmil Brunner ; [versión por: J. Tellería]. |
| 260 |
_a[Bilbao] : _bDesclée de Brouwer, _c[1973] |
||
| 300 |
_a210 p. ; _c21 cm. |
||
| 700 | 1 |
_aTellería, J. _9109625 |
|
| 852 |
_aES-MaACL _jC-54816 _bR.87402 |
||
| 999 |
_c37088 _d37088 |
||